[Event "Timisoara Foisor Memorial Rapid"]
[Site "Timisoara"]
[Date "2023.08.06"]
[Round "5"]
[White "David, Alexandru Vasile"]
[Black "Csonka, Balazs"]
[Result "1-0"]
[WhiteElo "2388"]
[BlackElo "2480"]
[PlyCount "76"]
[EventDate "2023.08.05"]
[EventType "swiss (rapid)"]
[EventRounds "10"]
[EventCountry "ROU"]
[SourceTitle "EXT 2024"]
[Source "ChessBase"]
[SourceDate "2023.10.10"]
[SourceVersion "1"]
[SourceVersionDate "2023.10.10"]
[SourceQuality "1"]

1. d4 Nf6 2. c4 e6 3. Nc3 Bb4 4. e3 0-0 5. Bd3 c5 6. a3 Bxc3+ 7. bxc3 Nc6 8. Rb1 b6 9. e4 d5 10. cxd5 exd5 11. e5 Ne4 12. Ne2 Bg4 13. Bb2 Qg5 14. Qc1 Bxe2 15. Qxg5 Nxg5 16. Bxe2 Ne6 17. Rd1 c4 18. a4 f6 19. exf6 Rxf6 20. 0-0 Nf4 21. Bf3 Nh3+ 22. Kh1 Rxf3 23. gxf3 Rf8 24. Rde1 Rxf3 25. Kg2 Rd3 26. Re3 Nf4+ 27. Kf3 Rxe3+ 28. fxe3 Nd3 29. Ba3 Kf7 30. e4 Ke6 31. Ke3 Na5 32. e5 Nb3 33. Bf8 Nb2 34. Bxg7 Nxa4 35. Rf6+ Ke7 36. Bf8+ Ke8 37. e6 Nxc3 38. Bd6 Nd1+ 1-0

[Event "Brasov GP RO"]
[Site "Brasov"]
[Date "2023.07.22"]
[Round "9"]
[White "David, Alexandru Vasile"]
[Black "Gavrilescu, David"]
[Result "0-1"]
[WhiteElo "2392"]
[BlackElo "2524"]
[PlyCount "140"]
[EventDate "2023.07.16"]
[EventType "swiss"]
[EventRounds "9"]
[EventCountry "ROU"]
[SourceTitle "CBM 215 Extra"]
[Source "ChessBase"]
[SourceDate "2023.09.30"]
[SourceVersion "1"]
[SourceVersionDate "2023.09.30"]
[SourceQuality "1"]

1. d4 d5 2. c4 e6 3. Nf3 Nf6 4. g3 Be7 5. Bg2 0-0 6. 0-0 dxc4 7. Ne5 Nc6 8. Bxc6 bxc6 9. Nxc6 Qe8 10. Nxe7+ Qxe7 11. Nc3 Rd8 12. Qa4 Rxd4 13. Be3 e5 14. Bxd4 exd4 15. Qc6 Rb8 16. Nd5 Nxd5 17. Qxd5 c5 18. Qxc4 Bh3 19. b3 Bxf1 20. Kxf1 Re8 21. Rc1 h5 22. h4 Qb7 23. Kg1 Re5 24. Qd3 g6 25. Rc4 Qb6 26. Kg2 a5 27. Rc2 Qf6 28. Rc1 Rf5 29. Rf1 Qe6 30. Re1 Qf6 31. Rf1 Qe6 32. Re1 Re5 33. Qf3 Kg7 34. Qd3 Qc6+ 35. Qf3 Qb5 36. Kf1 a4 37. Rc1 axb3 38. axb3 Qa6 39. Qd3 Qa3 40. Qc2 Qa8 41. Kg1 Qe8 42. Re1 Qb5 43. Kf1 Qc6 44. Kg1 Qe6 45. Qd3 Kg8 46. Qf3 Qa6 47. Kf1 Rf5 48. Qe4 Qf6 49. f4 Qa6 50. Qd3 Qb7 51. Qf3 Rd5 52. Rd1 Qd7 53. e4 Rd6 54. Kg2 Rb6 55. f5 gxf5 56. exf5 Qb7 57. Rd3 Kf8 58. Kf2 Qxf3+ 59. Kxf3 Ke7 60. Ke4 Kd6 61. g4 hxg4 62. h5 Rb8 63. h6 f6 64. Rd1 Rxb3 65. Rh1 Rb8 66. h7 Rh8 67. Rh6 Ke7 68. Kd5 d3 69. Kxc5 d2 70. Rh1 g3 0-1

[Event "Jupiter FISCA"]
[Site "Jupiter"]
[Date "2023.06.19"]
[Round "3"]
[White "Bonte, Andrei Mihai"]
[Black "David, Alexandru Vasile"]
[Result "1-0"]
[WhiteElo "2334"]
[BlackElo "2408"]
[PlyCount "118"]
[EventDate "2023.06.17"]
[EventType "tourn"]
[EventRounds "9"]
[EventCountry "ROU"]
[EventCategory "7"]
[SourceTitle "CBM 214 Extra"]
[Source "ChessBase"]
[SourceDate "2023.07.31"]
[SourceVersion "1"]
[SourceVersionDate "2023.07.31"]
[SourceQuality "1"]

1. d4 Nf6 2. Nf3 b6 3. Bg5 e6 4. e4 h6 5. Bxf6 Qxf6 6. Bd3 Bb7 7. Nbd2 d6 8. Qe2 a6 9. c3 Qd8 10. h4 g6 11. a3 Bg7 12. Rd1 Nd7 13. Qe3 Qe7 14. Nf1 0-0 15. h5 Nf6 16. Ng3 g5 17. Nh2 Rae8 18. 0-0 Bc8 19. Rfe1 Nh7 20. Qe2 b5 21. Ng4 Qd8 22. e5 f5 23. exf6 Nxf6 24. Nxf6+ Bxf6 25. Bg6 Re7 26. Qd3 Kh8 27. Re3 c6 28. Rde1 Rg7 29. Qe2 Bd7 30. Qd1 a5 31. Bb1 Be7 32. Rxe6 Bxe6 33. Rxe6 Rf6 34. d5 cxd5 35. Qxd5 Bf8 36. Nf5 Rgf7 37. Rxf6 Qxf6 38. g4 Bg7 39. Ba2 Rf8 40. Qxb5 Qe5 41. Qb7 a4 42. Kg2 Re8 43. Bd5 Qf6 44. Qd7 Qe5 45. c4 Rf8 46. Qxa4 Qxb2 47. Qa7 Bf6 48. a4 Qe2 49. Bf3 Qxc4 50. Nxd6 Qd4 51. Qc7 Qf4 52. Qd7 Be5 53. Nf5 Qh2+ 54. Kf1 Rb8 55. Qd5 Rb1+ 56. Ke2 Rb2+ 57. Kd3 Qf4 58. Qd8+ Kh7 59. Qe7+ Kh8 1-0

[Event "Jupiter FISCA"]
[Site "Jupiter"]
[Date "2023.06.17"]
[Round "1"]
[White "David, Alexandru Vasile"]
[Black "Tomaszewski, Kacper"]
[Result "1/2-1/2"]
[WhiteElo "2408"]
[BlackElo "2313"]
[PlyCount "68"]
[EventDate "2023.06.17"]
[EventType "tourn"]
[EventRounds "9"]
[EventCountry "ROU"]
[EventCategory "7"]
[SourceTitle "CBM 214 Extra"]
[Source "ChessBase"]
[SourceDate "2023.07.31"]
[SourceVersion "1"]
[SourceVersionDate "2023.07.31"]
[SourceQuality "1"]

1. d4 Nf6 2. c4 e6 3. Nc3 Bb4 4. e3 d6 5. Nge2 c5 6. dxc5 dxc5 7. Qxd8+ Kxd8 8. Bd2 Nc6 9. 0-0-0 Ke7 10. Nf4 b6 11. Be2 Bb7 12. a3 Ba5 13. Nd3 Rhd8 14. Kc2 Rd7 15. f3 Rad8 16. Bc1 Bxc3 17. Kxc3 e5 18. Nf2 a5 19. Rxd7+ Rxd7 20. Rd1 Rd6 21. Bd3 e4 22. Be2 exf3 23. gxf3 Rxd1 24. Bxd1 h6 25. e4 Nd4 26. Be3 Ne6 27. b4 axb4+ 28. axb4 Nd7 29. Nd3 Bc6 30. Nf4 Nxf4 31. Bxf4 b5 32. Be3 cxb4+ 33. Kxb4 bxc4 34. Kxc4 g5 1/2-1/2

[Event "Bucharest Grand Prix"]
[Site "Bucharest"]
[Date "2023.04.30"]
[Round "8"]
[White "Toncheva, Nadya"]
[Black "David, Alexandru Vasile"]
[Result "0-1"]
[WhiteElo "2295"]
[BlackElo "2408"]
[PlyCount "74"]
[EventDate "2023.04.29"]
[EventType "swiss (rapid)"]
[EventRounds "10"]
[EventCountry "ROU"]
[SourceTitle "CBM 213 Extra"]
[Source "ChessBase"]
[SourceDate "2023.05.31"]
[SourceVersion "1"]
[SourceVersionDate "2023.05.31"]
[SourceQuality "1"]

1. d4 d5 2. c4 e6 3. Nc3 Nf6 4. cxd5 exd5 5. Bg5 c6 6. e3 Bd6 7. Bd3 0-0 8. Qc2 h6 9. Bh4 Re8 10. Nf3 Be6 11. 0-0 Nbd7 12. Rab1 Qc7 13. Bg3 Bxg3 14. hxg3 Nb6 15. Ne2 Ne4 16. Nf4 g5 17. Bxe4 dxe4 18. Nxe6 Rxe6 19. Ne5 f6 20. Nc4 Nd5 21. b4 a6 22. Rfc1 Rc8 23. Qe2 b5 24. Nd2 f5 25. a3 Kh7 26. Nb3 Qe7 27. Nc5 Rf6 28. Rb2 Re8 29. Re1 Qf7 30. Qc2 h5 31. Kf1 h4 32. g4 Rg6 33. Kg1 fxg4 34. Nxe4 Kh6 35. Rc1 g3 36. fxg3 Rge6 37. Rf1 Qxf1+ 0-1

[Event "EU-ch 23rd"]
[Site "Vrnjacka Banja"]
[Date "2023.03.10"]
[Round "8"]
[White "Makarian, Rudik"]
[Black "David, Alexandru Vasile"]
[Result "1-0"]
[WhiteElo "2557"]
[BlackElo "2410"]
[PlyCount "56"]
[EventDate "2023.03.03"]
[EventType "swiss"]
[EventRounds "11"]
[EventCountry "SRB"]
[SourceTitle "CBM 213"]
[Source "ChessBase"]
[SourceDate "2023.04.30"]
[SourceVersion "1"]
[SourceVersionDate "2023.04.30"]
[SourceQuality "1"]

1. Nf3 d5 2. g3 c5 3. Bg2 Nc6 4. 0-0 e5 5. d3 Be7 6. e4 d4 7. Na3 h5 8. Nc4 Qc7 9. a4 h4 10. c3 h3 11. Bh1 f6 12. a5 Be6 13. Qa4 0-0-0 14. cxd4 Nxd4 15. Nxd4 Rxd4 16. Be3 Rxd3 17. Qc2 Rd8 18. b4 cxb4 19. Rfc1 Kb8 20. Qe2 Bxc4 21. Rxc4 Qd7 22. Rac1 Nh6 23. Rc7 Qxc7 24. Bxa7+ Kc8 25. Rxc7+ Kxc7 26. Qc4+ Kd7 27. Bf3 Rc8 28. Qb5+ Ke6 1-0

[Event "ROM-ch"]
[Site "Sebes"]
[Date "2023.02.26"]
[Round "9"]
[White "David, Alexandru Vasile"]
[Black "Shevchenko, Kirill"]
[Result "0-1"]
[WhiteElo "2405"]
[BlackElo "2662"]
[PlyCount "56"]
[EventDate "2023.02.19"]
[EventType "swiss"]
[EventRounds "9"]
[EventCountry "ROU"]
[SourceTitle "CBM 212 Extra"]
[Source "ChessBase"]
[SourceDate "2023.03.31"]
[SourceVersion "1"]
[SourceVersionDate "2023.03.31"]
[SourceQuality "1"]

1. d4 Nf6 2. c4 g6 3. Nc3 Bg7 4. e4 d6 5. Nf3 0-0 6. Be2 Na6 7. 0-0 e5 8. Be3 Qe7 9. d5 Ne8 10. Ne1 f5 11. exf5 gxf5 12. f4 Nf6 13. Nc2 Nc5 14. Rb1 Ng4 15. Bd2 Bd7 16. h3 Nf6 17. Rf3 Rae8 18. Qf1 Nfe4 19. Nxe4 fxe4 20. Rf2 e3 21. Bxe3 Ne4 22. Bh5 Nxf2 23. Qxf2 exf4 24. Bd4 Bxd4 25. Nxd4 Qe4 26. Rd1 Re5 27. Qh4 Qe3+ 28. Kh1 Qg3 0-1